000 00429nam a2200133Ia 4500
008 100328s9999 xx 000 0 und d
082 _b5630
100 _aदेशपांडे ग.त्र्यं.
245 _aअलंकार प्रदीप
260 _bठाकूर आणि कं.
630 _aअलंकार प्रदीप
730 _aअलंकार प्रदीप
942 _cBOOK
999 _c501617
_d501614